Eurovision Song Contest 2025 🇨🇭 - Statistics

General Stats
  • This quiz has been taken 100 times
  • The average score is 26 of 37
Answer Stats
Country Contestant % Correct
Austria 🇦🇹 JJ Wasted Love
85%
Albania 🇦🇱 Shkodra Eleltronike Zjerm
85%
Finland 🇫🇮 Erika Vikman ICH KOMME
84%
Czechia 🇨🇿 ADONXS Kiss Kiss Goodbye
84%
Australia 🇦🇺 Go-Jo Milkshake Man
84%
Germany 🇩🇪 Abor & Tynna Baller
81%
Denmark 🇩🇰 Sissal Hallucination
81%
Malta 🇲🇹 Miriana Conte SERVING
81%
Spain 🇪🇸 Melody ESA DIVA
80%
Ireland 🇮🇪 EMMY Laika Party
80%
Norway 🇧🇻 Kyle Alessandro Lighter
80%
Belgium 🇧🇪 Red Sebastian Strobe Lights
80%
France 🇫🇷 Louane maman
78%
Croatia 🇭🇷 Marko Bošnjak Poison Cake
78%
Cyprus 🇨🇾 Theo Evan Shh
78%
Netherlands 🇳🇱 Claude C’est La Vie
77%
Iceland 🇮🇸 VÆB RÓA
77%
Estonia 🇪🇪 Tommy Cash Espresso Macchiato
76%
Poland 🇵🇱 Justyna Steckowska GAJA
76%
Switzerland 🇨🇭 Zoë Më Voyage
76%
Ukraine 🇺🇦 Ziferblat Bird of Pray
73%
Greece 🇬🇷 Klavdia Asteromáta
72%
Sweden 🇸🇪 KAJ Bara Bada Bastu
72%
Georgia 🇬🇪 Mariam Shengelia Freedom
72%
Azerbaijan 🇦🇿 Mamagama Run With U
72%
San Marino 🇸🇲 Gabry Ponte Tutta L’Italia
71%
United Kingdom 🇬🇧 Remember Monday What The Hell Just Happened?
71%
Israel 🇮🇱 Yuval Raphael New Day Will Rise
70%
Serbia 🇷🇸 Princ Mila
68%
Slovenia 🇸🇮 Klemen How Much Time Do We Have Left
63%
Lithuania 🇱🇹 Katarsis Tavo Akys
61%
Montenegro 🇲🇪 Nina Žižić Dobrodošli
59%
Latvia 🇱🇻 Tautumeitas Bur Man Laimi
58%
Luxembourg 🇱🇺 Laura Thorn La Poupée Monte Le Son
54%
Italy 🇮🇹 Lucio Corsi Volevo Essere Un Duro
51%
Armenia 🇦🇲 PARG SURVIVOR
35%
Portugal 🇵🇹 NAPA Deslocado
22%
No matching quizzes found
Score Distribution
Percent of People with Each Score
Percentile by Number Answered
Your Score History
You have not taken this quiz